| 000 | 00831nam a2200229Ia 4500 | ||
|---|---|---|---|
| 003 | GCL | ||
| 008 | 140319s9999 xx 000 0 ara d | ||
| 020 | _a3131345977 | ||
| 040 |
_aGCL / _cGCL |
||
| 082 | 0 | 4 |
_aط _b005.3 _bم و |
| 100 | 1 | _aماران، روث | |
| 245 | 1 | 0 |
_aالوسائط المتعددة فى ويندوز MULTIMEDIA IN WINDOWS / _cماران، روث |
| 260 |
_a[S.N] : _bWILEY ، _c2002 |
||
| 260 |
_aالقاهرة : _bدار الفاروق للنشر والتوزيع ، _c2002 |
||
| 300 |
_a32 ص ؛ _c32 سم |
||
| 490 |
_aسلسلة الكمبيوتر للأطفال _v0 |
||
| 650 | 0 | 4 | _aويندوز |
| 650 | 0 | 4 | _aبرامج الحاسبات الالكترونية |
| 650 | 0 | 4 | _aالحاسبات الالكترونية - برامج |
| 650 | 0 | 4 | _aالوسائط المتعددة |
| 942 |
_2ddc _cBK |
||
| 999 |
_c8840 _d8840 |
||